Globálna kríza - hrozba alebo výzva?

Na minha lista:
Detalhes bibliográficos
Autor principal: Staněk, Peter
Formato: Livro
Idioma:eslovaco
Publicado em: Bratislava Sprint dva 2010
Colecção:Economics
Assuntos:
Tags: Adicionar Tag
Sem tags, seja o primeiro a adicionar uma tag!

MARC

LEADER 00000nam a2200000 4500
001 0119812
005 20240314093002.6
020 |a 978-80-89393-24-4 
041 0 |a slo 
044 |a SK 
245 1 0 |a Globálna kríza - hrozba alebo výzva?  |c Peter Staněk 
264 1 |a Bratislava  |b Sprint dva  |c 2010 
300 |a 219 s. 
490 1 |a Economics 
830 0 |a Economics 
610 2 0 |a kríza hospodárska 
610 2 0 |a kríza finančná 
610 2 0 |a trh finančný 
610 2 0 |a globalizácia 
610 2 0 |a hospodárstvo svetové 
610 2 0 |a zamestnanosť 
610 2 0 |a spotreba 
610 2 0 |a dlhy verejné 
610 2 0 |a Grécko 
100 1 |a Staněk, Peter